Summerland /

Bibliographic Details
Main Author: Chabon, Michael (Author)
Format: Book
Language:English
Subjects:
LEADER 00831cam a2200313 7i4500
001 0000022081
005 20210310090000.0
005 ##20210310163000.0
003 ##MY-KlINT
008 201511t20032002enk g 000 1 eng d
020 # # |a 9780007127122  
020 # # |a 000712712X  
039 # 9 |a 202103101630  |b Amir  |c 202103101206  |d rozila  |y 201511041245  |z VLOAD 
040 # # |a ELMU 
082 0 0 |a 813.6 
090 0 0 |a EF   |b CHA 
100 1 # |a Chabon, Michael   |e author 
245 1 0 |a Summerland /   |c MICHAEL CHABON. 
264 # 0 |c ♭2002 
264 # 0 |a London  |b FOURTH ESTATE  |c 2003 
300 # # |a 500 pages;   |c 20cm. 
336 # # |a text  |2 rdacontent 
337 # # |a unmediated  |2 rdamedia 
338 # # |a volume  |2 rdacarrier 
583 # # |a LULUS 
650 # 0 |a English fiction  
650 # 0 |a Baseball stories  
650 # 0 |a Fantasy fiction  
650 # 0 |a Magic